LIBRARY & INFORMATION CENTRE, KCAET, TAVANUR

ONLINE PUBLIC ACCESS CATALOGUE (OPAC)

Development and testing of a tractor operated coconut basin lister cum fertilizer aaplicator / (Record no. 19047)

MARC details
000 -LEADER
fixed length control field 00440nam a2200145 4500
003 - CONTROL NUMBER IDENTIFIER
control field OSt
082 ## - DEWEY DECIMAL CLASSIFICATION NUMBER
Classification number 631.3
Item number SRI/DE
088 ## - REPORT NUMBER
Report number T564
100 ## - MAIN ENTRY--AUTHOR NAME
Personal name Srinivas, Jinukala
245 ## - TITLE STATEMENT
Title Development and testing of a tractor operated coconut basin lister cum fertilizer aaplicator /
260 ## - PUBLICATION, DISTRIBUTION, ETC. (IMPRINT)
Place of publication Tavanur :
Name of publisher Department of Farm Machinery and Power Engineering,
Year of publication 2023
500 ## - GENERAL NOTE
General note PhD Thesis
700 ## - ADDED ENTRY--PERSONAL NAME
Personal name Jayan, P R (Guide)
942 ## - ADDED ENTRY ELEMENTS (KOHA)
Koha item type Theses
Holdings
Home library Current library Full call number Accession Number Koha item type Public note
KAUAET KAUAET 631.3 SRI/DE T 564 Theses PhD Thesis
free website counter